书目信息 |
| 题名: |
线性代数与解析几何
|
|
| 作者: | 郑广平 , 裘祖干 , 陆章基 编著 | |
| 分册: | ||
| 出版信息: | 上海 复旦大学出版社 2004.05 |
|
| 页数: | 301页 | |
| 开本: | 23cm | |
| 丛书名: | 博学 | |
| 单 册: | ||
| 中图分类: | O182 , O151.2 | |
| 科图分类: | ||
| 主题词: | 线性代数 , 解析几何 | |
| 电子资源: | ||
| ISBN: | 7-309-03916-5 | |
| 000 | 01004nam 2200301 450 | |
| 001 | 0138340001 | |
| 005 | 20050505104543.23 | |
| 010 | @a7-309-03916-5@d28.00CNY | |
| 100 | @a20050303d2004 km y0chiy0120 ea | |
| 101 | 0 | @achi |
| 102 | @aCN@b310000 | |
| 105 | @aa z 000yy | |
| 200 | 1 | @a线性代数与解析几何@Axian xing dai shu yu jie xi ji he@f郑广平, 裘祖干, 陆章基编著@Fzheng guang ping,qiu zu gan,lu zhang ji bian zhu |
| 210 | @a上海@c复旦大学出版社@d2004.05 | |
| 215 | @a301页@c图@d23cm | |
| 225 | 2 | @a博学@i数学系列 |
| 330 | @a本书内容包括:行列式、矩阵、向量代数、平面与直线、线性方程组、线性空间与欧氏空间、特征值与特征向量、二次型与二次曲面等。 | |
| 410 | 0 | @12001 @a博学 |
| 410 | 0 | @12001 @a数学系列 |
| 606 | 0 | @a线性代数 |
| 606 | 0 | @a解析几何 |
| 690 | @aO182@v4 | |
| 690 | @aO151.2@v4 | |
| 701 | 0 | @a郑广平@Azheng guang ping@4编著 |
| 701 | 0 | @a裘祖干@Aqiu zu gan@4编著 |
| 701 | 0 | @a陆章基@Alu zhang ji@4编著 |
| 801 | 0 | @aCN@bQSSK@c20050505 |
| 905 | @a10447@dO151.2@eZ432 | |
| 线性代数与解析几何/郑广平, 裘祖干, 陆章基编著.-上海:复旦大学出版社,2004.05 |
| 301页:图;23cm.-(博学.数学系列) |
| ISBN 7-309-03916-5:28.00CNY |
| 本书内容包括:行列式、矩阵、向量代数、平面与直线、线性方程组、线性空间与欧氏空间、特征值与特征向量、二次型与二次曲面等。 |
| ● |
| 相关链接 |
|
|
|
正题名:线性代数与解析几何
索取号:O151.2/Z432
 
预约/预借
| 序号 | 登录号 | 条形码 | 馆藏地/架位号 | 状态 | 备注 |
| 1 | 498374 | 204983740 | 自科库401/401自科库 71排2列2层/ [索取号:O151.2/Z432] | 在馆 | |
| 2 | 498375 | 204983759 | 自科库401/401自科库 71排2列2层/ [索取号:O151.2/Z432] | 在馆 | |
| 3 | 498376 | 204983768 | 自科库401/401自科库 71排2列2层/ [索取号:O151.2/Z432] | 在馆 |